[Event "Maicao op 3rd"]
[Site "Maicao"]
[Date "2014.05.02"]
[Round "3"]
[White "Barros, Jose Eduardo"]
[Black "De la Valle, Jose"]
[Result "1-0"]
[WhiteElo "1600"]
[BlackElo "1964"]
[PlyCount "77"]
[EventDate "2014.05.01"]
[EventType "swiss"]
[EventRounds "7"]
[EventCountry "COL"]
[SourceTitle "CBM 160 Extra"]
[Source "ChessBase"]
[SourceDate "2014.07.01"]
[SourceVersion "1"]
[SourceVersionDate "2014.07.01"]
[SourceQuality "1"]

1. e4 g6 2. d4 Bg7 3. c4 c5 4. d5 b5 5. cxb5 d6 6. Nc3 Nf6 7. f3 0-0 8. Bd3 e6 9. dxe6 Bxe6 10. Nge2 Nbd7 11. 0-0 Ne5 12. Bc2 Qb6 13. Kh1 a6 14. bxa6 Qxa6 15. b3 c4 16. Be3 Rfc8 17. Na4 Rab8 18. Rb1 cxb3 19. Bxb3 Bc4 20. Bxc4 Nxc4 21. Rxb8 Rxb8 22. Bd4 Rb4 23. Nec3 Na5 24. Re1 Nc6 25. Bf2 Ne5 26. Re2 Nh5 27. Rd2 Nc4 28. Re2 Nf4 29. Re1 Nb2 30. Qd2 Nfd3 31. Rb1 Nxf2+ 32. Qxf2 Nd3 33. Qf1 Rxb1 34. Qxb1 Nf2+ 35. Kg1 Bd4 36. Qb5 Qa7 37. Kf1 Kg7 38. Qc4 Nh1 39. Nb5 1-0